000 00682nam a2200253Ia 4500
005 20260429112116.0
008 260429s9999||||xx |||||||||||||| ||und||
020 _a9781032464848
041 _aEnglish
082 _a621.042
_bDHO
100 _aDhoble, Sanjay J.
245 0 _aParadigms of titanate centered energy materials /
_cSanjay J. Dhoble
250 _a1st ed.
260 _aBoca Raton :
_bCRC Press,
_c2024.
300 _axi, 179 p.; pbk
650 _a Materials
650 _a Titanate
650 _aEnergy materials
700 _a Darshan, G. P.
700 _a Kadam, Abhijeet R.
700 _a Nagabhushuna, H.
700 _a Sharma, S. C.
942 _cTB
999 _c52394
_d52394